El grito de la máscara maldita / (Record no. 17443)

MARC details
000 -LEADER
fixed length control field 02045cam a2200505Ia 4500
001 - CONTROL NUMBER
control field sjds1051971
003 - CONTROL NUMBER IDENTIFIER
control field sjds
005 - DATE AND TIME OF LATEST TRANSACTION
control field 20171129190013.0
008 - FIXED-LENGTH DATA ELEMENTS--GENERAL INFORMATION
fixed length control field 100320s2010 nyuab j 000 1 spa d
020 ## - INTERNATIONAL STANDARD BOOK NUMBER
International Standard Book Number 9780545238502 (pbk.) :
Terms of availability $5.99
020 ## - INTERNATIONAL STANDARD BOOK NUMBER
International Standard Book Number 0545238501 (pbk.) :
Terms of availability $5.99
035 ## - SYSTEM CONTROL NUMBER
System control number 433198
035 ## - SYSTEM CONTROL NUMBER
Canceled/invalid control number (OCoLC)645357920
035 ## - SYSTEM CONTROL NUMBER
System control number (OCoLC)567195296
035 ## - SYSTEM CONTROL NUMBER
System control number 433198
040 ## - CATALOGING SOURCE
Original cataloging agency BTCTA
Language of cataloging eng
Transcribing agency BTCTA
Modifying agency ON8
-- KCK
-- ON8
-- IFA
-- UtOrBLW
041 1# - LANGUAGE CODE
Language code of text/sound track or separate title spa
Language code of original eng
049 ## - LOCAL HOLDINGS (OCLC)
Holding library IFAA
099 ## - LOCAL FREE-TEXT CALL NUMBER (OCLC)
Classification number CHILDREN ESPANOL FICTION STINE 2010
100 1# - MAIN ENTRY--PERSONAL NAME
Personal name Stine, R. L.,
Relator term author.
240 10 - UNIFORM TITLE
Uniform title <a href="Scream of the haunted mask.">Scream of the haunted mask.</a>
Language of a work Spanish
245 13 - TITLE STATEMENT
Title El grito de la máscara maldita /
Statement of responsibility, etc. R.L. Stine ; [translated by Iñigo Javaloyes].
260 ## - PUBLICATION, DISTRIBUTION, ETC. (IMPRINT)
Place of publication, distribution, etc. New York :
Name of publisher, distributor, etc. Scholastic,
Date of publication, distribution, etc. 2010.
264 #1 - PRODUCTION, PUBLICATION, DISTRIBUTION, MANUFACTURE, AND COPYRIGHT NOTICE
Place of production, publication, distribution, manufacture New York :
Name of producer, publisher, distributor, manufacturer Scholastic,
Date of production, publication, distribution, manufacture, or copyright notice 2010.
300 ## - PHYSICAL DESCRIPTION
Extent 139 pages :
Other physical details illustrations, map ;
Dimensions 20 cm.
336 ## - CONTENT TYPE
Content type term text
Content type code txt
Source rdacontent
337 ## - MEDIA TYPE
Media type term unmediated
Media type code n
Source rdamedia
338 ## - CARRIER TYPE
Carrier type term volume
Carrier type code nc
Source rdacarrier
490 1# - SERIES STATEMENT
Series statement Escalofríos HorrorLandia ;
Volume/sequential designation no. 4
500 ## - GENERAL NOTE
General note "Originally published in English as Goosehumps HorrorLand #4: The scream of the haunted mask"--T.p. verso.
520 ## - SUMMARY, ETC.
Summary, etc. Carly Beth, having survived one Halloween encounter with the haunted mask, is very troubled when the green, drooling rubber face begins calling out to her again.
521 2# - TARGET AUDIENCE NOTE
Target audience note 8-12.
526 0# - STUDY PROGRAM INFORMATION NOTE
Program name Accelerated Reader
Interest level MG
Reading level 3.3
Title point value 3.0
Public note 126977SP
650 #0 - SUBJECT ADDED ENTRY--TOPICAL TERM
Topical term or geographic name as entry element Masks
Form subdivision Juvenile fiction.
650 #0 - SUBJECT ADDED ENTRY--TOPICAL TERM
Topical term or geographic name as entry element Amusement parks
Form subdivision Juvenile fiction.
650 #0 - SUBJECT ADDED ENTRY--TOPICAL TERM
Topical term or geographic name as entry element Spanish language materials
General subdivision Bilingual
Form subdivision Juvenile literature.
650 #7 - SUBJECT ADDED ENTRY--TOPICAL TERM
Topical term or geographic name as entry element Máscaras
Form subdivision Novela juvenil.
Source of heading or term bidex
650 #7 - SUBJECT ADDED ENTRY--TOPICAL TERM
Topical term or geographic name as entry element Parques de diversiones
Form subdivision Novela juvenil.
Source of heading or term bidex
650 #7 - SUBJECT ADDED ENTRY--TOPICAL TERM
Topical term or geographic name as entry element Materiales bilingües en español
Form subdivision Literatura juvenil.
Source of heading or term bidex
650 #7 - SUBJECT ADDED ENTRY--TOPICAL TERM
Topical term or geographic name as entry element Cuentos populares de terror
Form subdivision Literatura juvenil.
Source of heading or term bidex
650 #0 - SUBJECT ADDED ENTRY--TOPICAL TERM
Topical term or geographic name as entry element Horror tales
Form subdivision Juvenile literature.
700 1# - ADDED ENTRY--PERSONAL NAME
Personal name Javaloyes, Iñigo.
800 1# - SERIES ADDED ENTRY--PERSONAL NAME
Personal name Stine, R. L.
Title of a work Goosebumps HorrorLand.
Language of a work Spanish ;
Volume/sequential designation no. 4.
942 ## - ADDED ENTRY ELEMENTS (KOHA)
Koha item type Libro/Book
Source of classification or shelving scheme Dewey Decimal Classification
Holdings
Withdrawn status Lost status Damaged status Not for loan Home library Current library Date acquired Total Checkouts Barcode Date last seen Date checked out Price effective from Koha item type
        San Juan Del Sur -- Biblioteca San Juan Del Sur -- Biblioteca 12/06/2014 11 30005125 23/11/2017 06/11/2017 12/06/2014 Libro/Book

Powered by Koha